[Event "TUR-chT Clubs"]
[Site "Konya"]
[Date "2019.07.19"]
[Round "6.14"]
[White "Turan, Seyithan"]
[Black "Mermer, Yunus"]
[Result "1-0"]
[WhiteElo "1705"]
[BlackElo "1625"]
[PlyCount "123"]
[EventDate "2019.07.16"]
[EventType "team-swiss"]
[EventRounds "9"]
[EventCountry "TUR"]
[SourceTitle "CBM 191 Extra"]
[Source "ChessBase"]
[SourceDate "2019.09.30"]
[SourceVersion "1"]
[SourceVersionDate "2019.09.30"]
[SourceQuality "1"]
[WhiteTeam "Karaman Onder Durmus"]
[BlackTeam "Mugla Buyuksehir"]
[WhiteTeamCountry "TUR"]
[BlackTeamCountry "TUR"]

1. e4 c5 2. d4 cxd4 3. c3 dxc3 4. Nxc3 e6 5. Nf3 Nc6 6. Bc4 Bb4 7. 0-0 a6 8. Qe2 Nge7 9. Rd1 0-0 10. Be3 b5 11. Bd3 Bb7 12. Rac1 Rc8 13. a3 Bxc3 14. Rxc3 f5 15. Bb1 Qe8 16. Bc5 Rf6 17. Rcd3 fxe4 18. Qxe4 Na5 19. Qb4 Nd5 20. Qxa5 Rxc5 21. Qd2 Rc8 22. Rd4 Bc6 23. Rh4 h6 24. Qd3 Nf4 25. Qh7+ Kf8 26. Ne5 Nd5 27. Rhd4 Rc7 28. Rxd5 Bxd5 29. Qh8+ Ke7 30. Qxg7+ Rf7 31. Nxf7 Qxf7 32. Qxh6 Qf6 33. Qd2 Qg7 34. g3 Bf3 35. Re1 Qg4 36. Bd3 Rc8 37. Be2 Bxe2 38. Qxe2 Qxe2 39. Rxe2 d5 40. f4 Kf6 41. Kf2 Rc4 42. Kf3 b4 43. axb4 Rxb4 44. h4 a5 45. h5 a4 46. h6 Rb6 47. Rh2 Rb8 48. h7 Rh8 49. Rh6+ Kg7 50. Rxe6 Rxh7 51. Rd6 Rh2 52. Rxd5 Rxb2 53. Ra5 Ra2 54. Kg4 Ra1 55. f5 a3 56. Kg5 a2 57. Ra7+ Kg8 58. Kg6 Kf8 59. f6 Re1 60. Rxa2 Re8 61. Rh2 Re3 62. Rh8# 1-0

[Event "TUR-chT Clubs"]
[Site "Konya"]
[Date "2019.07.17"]
[Round "2.19"]
[White "Turan, Seyithan"]
[Black "Ozgun, Ozgur"]
[Result "1-0"]
[WhiteElo "1705"]
[BlackElo "1395"]
[PlyCount "97"]
[EventDate "2019.07.16"]
[EventType "team-swiss"]
[EventRounds "9"]
[EventCountry "TUR"]
[SourceTitle "CBM 191 Extra"]
[Source "ChessBase"]
[SourceDate "2019.09.30"]
[SourceVersion "1"]
[SourceVersionDate "2019.09.30"]
[SourceQuality "1"]
[WhiteTeam "Karaman Onder Durmus"]
[BlackTeam "Nusaybin Dernegi"]
[WhiteTeamCountry "TUR"]
[BlackTeamCountry "TUR"]

1. e4 e5 2. Nf3 Nc6 3. Bc4 Bc5 4. b4 Bb6 5. d3 d6 6. Bg5 Nf6 7. c3 0-0 8. Nbd2 h6 9. Bh4 Qe7 10. 0-0 Be6 11. a4 a6 12. Qe2 Ba7 13. Kh1 Bxc4 14. Nxc4 Qe6 15. Ne3 Bxe3 16. fxe3 Nh7 17. Rf2 f5 18. exf5 Rxf5 19. e4 Rf7 20. Raf1 Raf8 21. Bg3 Qg4 22. Ng1 Qxe2 23. Nxe2 Rxf2 24. Rxf2 Rxf2 25. Bxf2 Kf7 26. b5 axb5 27. axb5 Na5 28. Nc1 Ke6 29. c4 b6 30. Kg1 Nf6 31. Kf1 Ng4 32. Bg1 Nb7 33. Ke2 Nd8 34. Na2 Kd7 35. Nb4 Nf6 36. Kf3 Ne6 37. Be3 h5 38. h3 g5 39. Nd5 Nxd5 40. exd5 Nf4 41. Bxf4 exf4 42. Ke4 g4 43. hxg4 hxg4 44. Kxf4 Ke7 45. Kxg4 Kf6 46. Kf4 Kg6 47. g4 Kf6 48. g5+ Kg6 49. Kg4 1-0

[Event "TUR Cup"]
[Site "Antalya"]
[Date "2019.02.01"]
[Round "9"]
[White "Turan, Seyithan"]
[Black "Bilgin, Murat Evrensel"]
[Result "0-1"]
[WhiteElo "1746"]
[BlackElo "1898"]
[PlyCount "82"]
[EventDate "2019.01.27"]
[EventType "swiss"]
[EventRounds "11"]
[EventCountry "TUR"]
[SourceTitle "CBM 188 Extra"]
[Source "ChessBase"]
[SourceDate "2019.02.26"]
[SourceVersion "1"]
[SourceVersionDate "2019.02.26"]
[SourceQuality "1"]

1. e4 c5 2. Nf3 d6 3. d4 cxd4 4. c3 Nf6 5. e5 dxe5 6. Nxe5 Nc6 7. Nxc6 bxc6 8. cxd4 e5 9. dxe5 Qxd1+ 10. Kxd1 Ng4 11. Be3 Nxe3+ 12. fxe3 Bc5 13. Nd2 Be6 14. Rc1 Bxe3 15. Rxc6 Rd8 16. Rd6 Ke7 17. Bc4 Bxd2 18. Bxe6 Bb4 19. Bh3 Bxd6 20. exd6+ Rxd6+ 21. Kc2 Rc6+ 22. Kb1 Rd8 23. Re1+ Kf8 24. a3 g6 25. Re2 Rcd6 26. Rc2 f5 27. Rc7 R8d7 28. Rc5 Rd2 29. Rb5 h5 30. Ka2 Kg7 31. a4 Kf6 32. a5 Rf2 33. a6 g5 34. Rb7 Re7 35. g4 hxg4 36. Bxg4 fxg4 37. Rb8 Rxh2 38. Rf8+ Rf7 39. Rd8 g3 40. Rd1 g2 41. Rg1 Kg6 0-1

[Event "TUR Cup"]
[Site "Antalya"]
[Date "2019.01.28"]
[Round "3"]
[White "Turan, Seyithan"]
[Black "Eroglu, Berke"]
[Result "1-0"]
[WhiteElo "1746"]
[BlackElo "1442"]
[PlyCount "65"]
[EventDate "2019.01.27"]
[EventType "swiss"]
[EventRounds "11"]
[EventCountry "TUR"]
[SourceTitle "CBM 188 Extra"]
[Source "ChessBase"]
[SourceDate "2019.02.26"]
[SourceVersion "1"]
[SourceVersionDate "2019.02.26"]
[SourceQuality "1"]

1. e4 c5 2. d4 cxd4 3. c3 e6 4. cxd4 d5 5. exd5 exd5 6. Nf3 Nc6 7. Bd3 Nf6 8. 0-0 Be7 9. Be3 Bg4 10. Nbd2 0-0 11. a3 Rc8 12. b4 a5 13. b5 Nb8 14. a4 b6 15. Qb3 Bxf3 16. Nxf3 Qd6 17. Bf5 Rc4 18. Ne5 Rb4 19. Qc2 g6 20. Bd3 Nbd7 21. Nf3 Ng4 22. Bd2 Rxd4 23. h3 Rxd3 24. Qxd3 Nde5 25. Nxe5 Nxe5 26. Qg3 Nc4 27. Qxd6 Bxd6 28. Bc3 Rd8 29. Rfd1 Bc5 30. Bd4 f5 31. Rac1 Kf7 32. Bxc5 bxc5 33. Rxc4 1-0

[Event "TUR Cup										"]
[Site "Antalya"]
[Date "2018.02.03"]
[Round "11"]
[White "Dorum, Doga Can"]
[Black "Turan, Seyithan"]
[Result "0-1"]
[WhiteElo "1591"]
[BlackElo "1748"]
[PlyCount "88"]
[EventDate "2018.01.27"]
[EventType "swiss"]
[EventRounds "11"]
[EventCountry "TUR"]
[SourceTitle "CBM 182 Extra"]
[Source "ChessBase"]
[SourceDate "2018.02.23"]
[SourceVersion "1"]
[SourceVersionDate "2018.02.23"]
[SourceQuality "1"]

1. Nf3 Nf6 2. d4 g6 3. c3 Bg7 4. Nbd2 0-0 5. e4 d6 6. Bc4 c6 7. Bb3 Nbd7 8. 0-0 e5 9. Re1 Nh5 10. Nc4 Nb6 11. Bg5 Qc7 12. dxe5 Nxc4 13. Bxc4 dxe5 14. a4 h6 15. Be3 Bg4 16. h3 Rad8 17. Qe2 Bc8 18. Rad1 Qe7 19. Bxa7 Rxd1 20. Rxd1 b5 21. Qe3 bxc4 22. Bc5 Qf6 23. Bxf8 Bxf8 24. Qb6 Bxh3 25. Rd8 Bxg2 26. Kxg2 Nf4+ 27. Kf1 Ne6 28. Rxf8+ Nxf8 29. Ke2 Qd6 30. Ne1 Ne6 31. a5 Nf4+ 32. Kf1 Qd1 33. Qe3 Nd3 34. a6 Nxe1 35. Qxe1 Qa4 36. Qd2 Qxa6 37. Qd8+ Kg7 38. Kg2 c5 39. Qd5 Qe6 40. Qxc5 Qg4+ 41. Kf1 Qxe4 42. Qb5 h5 43. b4 h4 44. Qd7 Qd3+ 0-1

[Event "TUR Cup										"]
[Site "Antalya"]
[Date "2018.02.01"]
[Round "8"]
[White "Turan, Seyithan"]
[Black "Keskin, Cengiz"]
[Result "1-0"]
[WhiteElo "1748"]
[BlackElo "1489"]
[PlyCount "47"]
[EventDate "2018.01.27"]
[EventType "swiss"]
[EventRounds "11"]
[EventCountry "TUR"]
[SourceTitle "CBM 182 Extra"]
[Source "ChessBase"]
[SourceDate "2018.02.23"]
[SourceVersion "1"]
[SourceVersionDate "2018.02.23"]
[SourceQuality "1"]

1. e4 c5 2. Nf3 Nc6 3. d4 cxd4 4. c3 dxc3 5. Nxc3 a6 6. Bc4 e6 7. 0-0 Be7 8. Qe2 Qc7 9. Rd1 b5 10. Bb3 Bb7 11. Be3 Nf6 12. Rac1 0-0 13. h3 Rad8 14. Nd4 Qb8 15. Bc2 d5 16. exd5 Nxd5 17. Nxd5 Rxd5 18. Nxc6 Rxd1+ 19. Bxd1 Bxc6 20. Rxc6 Qb7 21. Qc2 Rd8 22. Bf3 Bf6 23. Rc7 Qb8 24. Ba7 1-0

[Event "TUR Cup										"]
[Site "Antalya"]
[Date "2018.01.28"]
[Round "3"]
[White "Ozturk, Oguzhan"]
[Black "Turan, Seyithan"]
[Result "0-1"]
[WhiteElo "1528"]
[BlackElo "1748"]
[PlyCount "82"]
[EventDate "2018.01.27"]
[EventType "swiss"]
[EventRounds "11"]
[EventCountry "TUR"]
[SourceTitle "CBM 182 Extra"]
[Source "ChessBase"]
[SourceDate "2018.02.23"]
[SourceVersion "1"]
[SourceVersionDate "2018.02.23"]
[SourceQuality "1"]

1. d4 Nf6 2. c4 g6 3. Nc3 Bg7 4. e4 d6 5. f3 0-0 6. Be3 c6 7. Nge2 Nbd7 8. Qd2 e5 9. Rd1 Ne8 10. Ng3 f5 11. Bg5 Qa5 12. dxe5 dxe5 13. Be7 Rf7 14. b4 Qc7 15. Bd6 Nxd6 16. Qxd6 Qxd6 17. Rxd6 Bf8 18. c5 Bxd6 19. cxd6 f4 20. Nge2 Rf6 21. Nc1 Rxd6 22. Bc4+ Kg7 23. Ke2 Nb6 24. Bb3 Be6 25. Bxe6 Rxe6 26. Nd3 Rd8 27. Nc5 Re7 28. a4 Nc4 29. Nb3 Red7 30. Rc1 b6 31. b5 cxb5 32. axb5 Ne3 33. g3 g5 34. h4 h6 35. hxg5 hxg5 36. gxf4 gxf4 37. Rg1+ Kf7 38. Na2 Rh8 39. Nc3 Rh2+ 40. Ke1 Rd3 41. Nc1 Nc2+ 0-1

[Event "Manavgat Turkey Cup"]
[Site "Manavgat"]
[Date "2015.02.01"]
[Round "2"]
[White "Turan, Seyithan"]
[Black "Acarbay, Algi"]
[Result "0-1"]
[WhiteElo "1607"]
[BlackElo "1911"]
[PlyCount "82"]
[EventDate "2015.01.31"]
[EventType "swiss"]
[EventRounds "11"]
[EventCountry "TUR"]
[SourceTitle "CBM 164 Extra"]
[Source "ChessBase"]
[SourceDate "2015.03.02"]
[SourceVersion "1"]
[SourceVersionDate "2015.03.02"]
[SourceQuality "1"]

1. e4 c5 2. d4 cxd4 3. Nf3 d6 4. c3 d3 5. Bxd3 Nc6 6. 0-0 Nf6 7. Bc4 e6 8. Qe2 Qc7 9. Na3 a6 10. Bf4 Ne5 11. Nxe5 dxe5 12. Bg3 Bd6 13. Rfd1 0-0 14. Bb3 b5 15. Nc2 Bb7 16. f3 Nh5 17. Bf2 Nf4 18. Qe3 Rfd8 19. Rd2 Be7 20. Rad1 Rxd2 21. Qxd2 Rd8 22. Qe1 Rxd1 23. Qxd1 h5 24. Be3 Bc5 25. Qd2 g5 26. g3 Ng6 27. Bxc5 Qxc5+ 28. Kg2 g4 29. Qe3 gxf3+ 30. Kxf3 Qd6 31. Ne1 h4 32. Nd3 a5 33. Bc2 Qd8 34. Nc5 Bc6 35. Qh6 Qf6+ 36. Ke3 Qf1 37. Kd2 Qf2+ 38. Kc1 Qxc5 39. gxh4 Qg1+ 40. Bd1 Nf4 41. Qf6 Qe3+ 0-1